| 000 | 01388nam a22002777a 4500 | ||
|---|---|---|---|
| 001 | EPSA 0264 | ||
| 003 | gtcocun | ||
| 005 | 20250919171944.0 | ||
| 006 | a||||gr|||| 00| 0 | ||
| 007 | ta | ||
| 008 | 250919b2024 gt ||||| m||| 00| 0 eng d | ||
| 040 |
_agtcocun _bSPA _cgtcocun _eRDA |
||
| 041 | _aSPA EPSA 0264 | ||
| 084 | _0EPSA 0264 | ||
| 100 |
_aPérez San José, Nancy Rosalba _eAutor |
||
| 245 |
_aINFORME FINAL DEL EJERCICIO PROFESIONAL SUPERVISADO REALIZADO EN EL COMPLEJO HIDROELÉCTRICO RECURSOS NATURALES Y CELULOSAS S.A. UBICADO EN CARCHA, ALTA VERAPAZ./ _cNancy Rosalba Pérez San José. _hImpreso |
||
| 264 |
_aCobán, Alta Verapaz: _bUniversidad de San Carlos de Guatemala, Centro Universitario del Norte, Licenciatura en Administración de Empresas _c2024 |
||
| 300 |
_a65 p.: _bIlustraciones, gráficas. _c28 cm; |
||
| 502 | _eEPSA 0264 | ||
| 502 |
_aEjercicio Profesional Supervisado _bLicenciatura en Administración de Empresas, _cUniversidad de San Carlos de Guatemala, Centro Universitario del Norte, Licenciatura en Administración de Empresas _d2024 _oEPSA 0264 |
||
| 650 | 1 | 4 |
_2LEMB _aSan Pedro Carchá, Alta Verapaz _xAdministración _xOutsoursing _xPorcesos _xManuales _xProductividad |
| 700 | _eAsesor | ||
| 856 |
_uSin archivo en línea. _zSin archivo en línea. |
||
| 942 |
_2ddc _cTES _iEPSA 0264 _kClasificación _n0 _6EPSA_0264_000000000000000 |
||
| 999 |
_c1994 _d1994 |
||